书目信息 |
| 题名: |
社会民主党在民主革命中的两种策略
|
|
| 作者: | 列宁 著 ;中共中央马恩列斯著作编译局 译 | |
| 分册: | ||
| 出版信息: | 北京 人民出版社 1950.01 |
|
| 页数: | 124页 | |
| 开本: | 21cm | |
| 丛书名: | ||
| 单 册: | ||
| 中图分类: | A222 | |
| 科图分类: | ||
| 主题词: | 列字著作--单行本--1905~1907年 | |
| 电子资源: | ||
| ISBN: | ||
| 000 | 00745nam0 2200217 45 | |
| 001 | 0312220428 | |
| 005 | 20050105111137.5 | |
| 010 | @dCNY0.28 | |
| 091 | @a1001.19 | |
| 100 | @a20031222d1950 km y0chiy0120 ea | |
| 101 | 0 | @achi |
| 105 | @a z 000yy | |
| 200 | 1 | @a社会民主党在民主革命中的两种策略@AShe Hui Min Zhu Dang Zai Min Zhu Ge Ming Zhong De Liang Zhong Ce Lue@f列宁著@FLie Ning Zhu@g中共中央马恩列斯著作编译局译 |
| 210 | @a北京@c人民出版社@d1950.01 | |
| 215 | @a124页@d21cm | |
| 606 | 0 | @a列字著作@x单行本@z1905~1907年 |
| 690 | @aA222@v3 | |
| 701 | 0 | @a列宁@4著 |
| 712 | 02 | @a中共中央马恩列斯著作编译局@AZhong Gong Zhong Yang Ma En Lie Si Zhu ZuoBian Yi Ju@4译 |
| 801 | @aCN@bPftUser@c20031222 | |
| 905 | @dA222@e15:0507@f1@b65524 | |
| 社会民主党在民主革命中的两种策略/列宁著/中共中央马恩列斯著作编译局译.-北京:人民出版社,1950.01 |
| 124页;21cm |
| ISBN :CNY0.28 |
| ● |
| 相关链接 |
|
|
|
|
正题名:社会民主党在民主革命中的两种策略
索取号:A222/15:0507
 
预约/预借
| 序号 | 登录号 | 条形码 | 馆藏地/架位号 | 状态 | 备注 |
| 1 | 0065522 | 202371888 | 密集书库/ [索取号:A222/15:0507] | 在馆 | |
| 2 | 0065523 | 202371851 | 密集书库/ [索取号:A222/15:0507] | 在馆 | |
| 3 | 0065524 | 001965715 | 第一借阅区/ [索取号:A222/15:0507] | 在馆 | |
| 4 | 0065526 | 001854648 | 密集书库/ [索取号:A222/15:0507] | 在馆 | |
| 5 | 0065527 | 001854684 | 密集书库/ [索取号:A222/15:0507] | 在馆 | |
| 6 | 0065531 | 000951429 | 第一样本阅览室/ [索取号:A222/15:0507] | 在馆 |